|
|
|
|
| LEADER |
00876nam a2200205 a 4500 |
| 008 |
090722r19601967xx b 001 0 eng d |
| 082 |
|
|
|a 883.09
|2 17
|
| 100 |
1 |
|
|a Murray, Gilbert,
|d 1866-1957.
|
| 245 |
1 |
4 |
|a The rise of the Greek epic /
|c Gilbert Murray.
|
| 250 |
|
|
|a 4th ed.
|
| 260 |
|
|
|a New York :
|b Oxford University Press,
|c 1960 [reprinted 1967]
|
| 300 |
|
|
|a 356 p.
|c 21 cm.
|
| 490 |
0 |
|
|a A Galaxy book GB41
|
| 504 |
|
|
|a Includes bibliographical references and index.
|
| 541 |
1 |
|
|e 00009386
|
| 650 |
|
0 |
|a Epic poetry, Greek
|x History and criticism.
|
| 600 |
0 |
0 |
|a Homer
|x Criticism and interpretation.
|
| 852 |
4 |
|
|a Ayesha Abed Library
|j General shelf
|
| 999 |
|
|
|c 2726
|d 2726
|
| 952 |
|
|
|0 0
|1 0
|2 ddc
|4 1
|6 883_090000000000000_MUR
|7 0
|9 2505
|a BRACUL
|b BRACUL
|c SPS
|d 2009-07-23
|g 0.00
|l 3
|m 11
|o 883.09 MUR
|p 3010009386
|r 2015-04-23
|s 2015-04-02
|t 1
|w 2009-07-23
|y BK
|x No price found in the accession register.
|